| 000 | 00388pab a2200169 454500 | ||
|---|---|---|---|
| 008 | 180718b2012 xxu||||| |||| 00| 0 eng d | ||
| 100 | _aPadmanabhan, G. | ||
| 245 | _aHazard profile of India | ||
| 260 | _c2012 | ||
| 300 | _ap.39-43. | ||
| 362 | _aMar | ||
| 650 | _aDisaster prevention - India | ||
| 650 | _aDisaster prevention | ||
| 773 | _aYojana | ||
| 908 | _aN | ||
| 909 | _a95301 | ||
| 999 |
_c95301 _d95301 |
||